000 00401nam a22001097a 4500
082 _a297.61
_bABU
_cMasjid Library
100 _aمحمد بن اسماعیل البخاری
_951472
245 _aالادب المفرد یعنی آداب المعاشرت
_cمحمد بن اسماعیل البخاری
260 _aKarachi;.
_bDarul Ashaat
526 _a0
_b0
_c0
_d297_610000000000000_ABU
942 _2ddc
_cBK
999 _c554150
_d554150